Представление документа в формате RUSMARC

ПолеНазваниеЗначение
  Тип записи a
  Библиографический уровень a
001 Контрольный номер RU/CBS_UL/BASE/80b0ac4eb3b94914a20160871ee66f12
005 Дата корректировки 20230503134306.5
100 Данные общей обработки __
a Данные общей обработки 20230503 ||| 0rusy0189 ca
101 Язык документа 0_
a Язык текста rus
102 Страна публикации __
a Страна публикации RU
200 Заглавие и сведения об ответственности 1_
a Заглавие Московский Нострадамус
e Сведения, относящиеся к заглавию [о советском школьнике Л. Федотове, который смог предсказать в самом начале ВОВ её ход и итог, высадку американцев на Луну, пандемию коронавируса и множество других событий]
f Первые сведения об ответственности В. Коротин
300 Общие примечания __
a Общие примечания 16+
461 Уровень набора _0
1 2000
a Дарья. Биография
463 Уровень физической единицы _0
1 2000
a № 4
v С. 32-33 : фот.
1 2101
d 2023
1 001RU/CBS_UL/BASE/a3f68aa67b494533a02fc2573bf9b89e
600 Персоналии _1
a Персоналии (Фамилия) Федотов
b Персоналии (Имя, инициалы) Л.Ф.
606 Тематические рубрики 0_
a Основная рубрика Федотов, Лев Фёдорович (1923-1943)
610 Ключевые слова 0_
a Ключевые слова личности исторические
610 Ключевые слова 0_
a Ключевые слова школьники советские
610 Ключевые слова 0_
a Ключевые слова дневники личные
610 Ключевые слова 0_
a Ключевые слова предсказания будущего
610 Ключевые слова 0_
a Ключевые слова прогнозы будущего
610 Ключевые слова 0_
a Ключевые слова прогнозы на будущее
610 Ключевые слова 0_
a Ключевые слова прототипы литературных героев
686 Индексы других классификаций __
2 Код системы rubbk
a Классификационный индекс 63.3(2)6-8
700 Автор _1
a Фамилия Коротин
b Имя (инициалы) В.
801 Источник записи _0
a Страна RU
b Организация МБУК ЦБС г. Ульяновска
c Дата составления 20230503
g Правила каталогизации RCR
801 Источник записи _1
a Страна RU
b Организация МБУК ЦБС г. Ульяновска
c Дата составления 20230503
g Правила каталогизации RCR
901 Тип документа __
t Тип документа b
w Контрольный № источника RU/CBS_UL/BASE/a3f68aa67b494533a02fc2573bf9b89e